000 00550nam a2200181Ia 4500
008 100921s9999 xx 000 0 und d
082 _b28315
_a891.463 थ 96
100 _aदेसाई अरूणा.
245 _aईषा.
260 _bवंदन प्रकाशन, अमरावती.
_c1996
300 _a160
_bकल्याणी सप्लायर्स
365 _b65
520 _aललित-कथा.
630 _aईषा.
650 _aललित-कथा.
730 _aईषा.
942 _cBOOK
999 _c777428
_d777425